|
|
|
|
| LEADER |
00000nam a2200000Ia 4500 |
| 003 |
010744 |
| 005 |
20221231144119.0 |
| 008 |
140114s1981 cr a m 000 ||s d |
| 040 |
|
|
|c cru CEDI
|
| 090 |
|
|
|a TFG 1017
|
| 100 |
|
|
|a Camacho Herrera, Mario A
|9 5451
|
| 245 |
|
|
|a Utilización del lirio acuático (Eichhornia crassipes) para el tratamiento de aguas residuales
|
| 260 |
|
|
|c San José, Costa Rica
|b 1981
|
| 300 |
|
|
|a 97 hojas : ilustraciones ; 28 cm
|
| 500 |
|
|
|a Proyecto de graduacion (licenciatura en ingenieria quimica) --Universidad de Costa Rica. Facultad de Ingeniería. Escuela de Ingenieria Quimica
|
| 650 |
|
|
|x AGUAS RESIDUALES
|x LIRIOS ACUATICOS
|9 5452
|
| 942 |
|
|
|c TFG
|
| 999 |
|
|
|c 17096
|d 17096
|